Reprezentacje, które tylko raz zagrały na mundialu - Statystyki

Ogólne statystyki
  • Ten quiz został rozwiązany 21 razy
  • Średni wynik to 7 z 17
Statystyki odpowiedzi
Odpowiedź % Poprawnych
Chiny
63%
Demokratyczna Republika Konga
63%
Islandia
63%
Ukraina
53%
Angola
47%
Haiti
47%
Irak
47%
Izrael
47%
Kuwejt
47%
Panama
47%
Togo
42%
Indonezja
37%
Walia
37%
Kuba
32%
Honduras
21%
Salwador
21%
Węgry
11%
Nie znaleziono quizów pasujących do podanych kryteriów
Rozkład punktacji
Procent ludzi z każdym wynikiem
Percentyl według liczby udzielonych odpowiedzi
Twoja historia wyników
Nie rozwiązałeś tego quizu